000 00614nam a22002297a 4500
001 2971
003 BD-RjUL
005 20211208233642.0
008 131217s1959 un |||| |||| 001 0 eng d
035 _a(BD-RjUL)2999
040 _aBD-RjUL
_beng
_cBD-RjUL
041 _aeng
082 0 4 _a331
_bSHL
100 1 _aShultz, Georce P
_99468
245 _aLobor Problems :
_bCases and Reading /
_c Georce PShultz,
260 _aLondon :
_bMcGraw -Hill
_c1959
300 _axi, 545p. ;
_c21cm.
504 _aIncludes Index
650 0 7 _2SLSH
_aLobor Problems
_99469
700 1 _aColeman, John R
_99470
942 _2ddc
_cBK
999 _c2971
_d2971